Statistics for FNaF Characters

Click here to take the quiz!

General Stats

  • This quiz has been taken 10 times
  • The average score is 41 of 161

Answer Stats

HintFirst AppearanceAnswer% Correct
The most popular Freddy! His name's right up there on the sign!Five Nights at Freddy's/The Silver Eyes/"Into the Pit"Freddy Fazbear
100%
He has fun-your time might be over.Five Nights at Freddy's: Sister Location/The Fourth Closet/"Count the Ways"Funtime Freddy
88%
Sweet dreams!Five Nights at Freddy's 4Nightmare
88%
Lurking in your unconscious.Five Nights at Freddy's 4Nightmare Freddy
88%
New and improved! Well, he was new at one time, anyway.Five Nights at Freddy's 2Toy Freddy
88%
Out for more than just chicken food.Five Nights at Freddy's/The Silver Eyes/"Coming Home"Chica
75%
In Freddy Fazbear's Pizzeria, gold strikes YOU.Five Nights at Freddy'sGolden Freddy
75%
It's rabbit season.Five Nights at Freddy's/The Silver Eyes/"The New Kid"Bonnie
63%
Avast, ye swabs! And other such pirate talk.Five Nights at Freddy's/The Silver Eyes/"Lonely Freddy"Foxy
63%
Can't stand the heat?Freddy Fazbear's Pizzeria SimulatorMolten Freddy
63%
Well, that's just unnecessary.Five Nights at Freddy's 4Nightmare Fredbear
63%
Great, he's come back to haunt you.Five Nights at Freddy's 3Phantom Freddy
63%
PLeASe dEPosIt FiVe cOiNS.Freddy Fazbear's Pizzeria SimulatorRockstar Freddy
63%
Darkness is his vibe.Five Nights at Freddy's 2Shadow Freddy
63%
Something new...Five Nights at Freddy's 2Toy Bonnie
63%
Old and unimproved! And just kind of thrown in a corner.Five Nights at Freddy's 2Withered Freddy
63%
He's alive! Aliiiive!Five Nights at Freddy's: Help WantedDreadbear
50%
A bit of this, a bit of that.Five Nights at Freddy's: Sister LocationEnnard
50%
It's showtime!Five Nights at Freddy's: Sister LocationFuntime Foxy
50%
Don't be afraid! No really, don't.Five Nights at Freddy's: Security BreachGlamrock Freddy
50%
He's not quite right.Freddy Fazbear's Pizzeria SimulatorLefty
50%
When dreams of stardom turn sour.Five Nights at Freddy's 4Nightmare Bonnie
50%
He'll toy with you before he strikes.Five Nights at Freddy's 4Nightmare Foxy
50%
Terrible things come in small packages.Five Nights at Freddy's 4/"Out of Stock"Plushtrap
50%
Full of the joys of spring.Five Nights at Freddy's 3/The Silver Eyes/"In the Flesh"Springtrap
50%
Is it stringing you along?Five Nights at Freddy's 2/"You're the Band"The Puppet
50%
Ruffling feathers and destroying lives.Five Nights at Freddy's 2Toy Chica
50%
A twist on an old favorite.The Twisted OnesTwisted Freddy
50%
Something old...Five Nights at Freddy's 2Withered Bonnie
50%
Look out for signs of danger. And signs of balloons.Five Nights at Freddy's 2Balloon Boy
38%
Care to dance?Five Nights at Freddy's: Sister Location/"Dance with Me"Ballora
38%
Aren't bon-bons supposed to be sweet?Five Nights at Freddy's: Sister LocationBon-Bon
38%
She needs a hand.Five Nights at Freddy's: Sister LocationBonnet
38%
She gives a haunting performance.Five Nights at Freddy's: Sister Location/The Fourth Closet/"Dance with Me"Circus Baby
38%
Please don't sing.FNaF WorldDee Dee
38%
Make sure it doesn't endo you life.Five Nights at Freddy'sEndo-01
38%
Made of tougher stuff.Five Nights at Freddy's 2Endo-02
38%
Mini nightmares.Five Nights at Freddy's 4Freddles
38%
Does she have your attention?Freddy Fazbear's Pizzeria SimulatorFuntime Chica
38%
For those about to rock!Five Nights at Freddy's: Security BreachGlamrock Chica
38%
He shouldn't freak us out, but he does.Freddy Fazbear's Pizzeria SimulatorHelpy
38%
Bringing the pumpkin spice.Five Nights at Freddy's 4Jack-O-Bonnie
38%
Chicken and pumpkin, together at last.Five Nights at Freddy's 4Jack-O-Chica
38%
Didn't see her? She saw you.Five Nights at Freddy's 2JJ
38%
Why you should leave repairs to the professionals.Five Nights at Freddy's 2/The Fourth ClosetMangle
38%
The off-brand bear.Freddy Fazbear's Pizzeria SimulatorNedd Bear
38%
Don't blow him up to be scarier than he really is.Five Nights at Freddy's 4Nightmare Balloon Boy
38%
Don't eat before bedtime.Five Nights at Freddy's 4Nightmare Chica
38%
Have you lost weight? You look ... terrifying.Five Nights at Freddy's 4Nightmarionne
38%
Never burn a balloon.Five Nights at Freddy's 3Phantom Balloon Boy
38%
That's a sick burn.Five Nights at Freddy's 3Phantom Chica
38%
He's off the hook. Or rather, the hook's off him.Five Nights at Freddy's 3Phantom Foxy
38%
Here's a prize! Sorry, it's a little burnt.Five Nights at Freddy's 3Phantom Puppet
38%
The smoothest killer in the pizzeria.Freddy Fazbear's Pizzeria SimulatorRockstar Bonnie
38%
She'll shake you up.Freddy Fazbear's Pizzeria SimulatorRockstar Chica
38%
Yo ho ho!Freddy Fazbear's Pizzeria SimulatorRockstar Foxy
38%
You played right into her hands...Freddy Fazbear's Pizzeria SimulatorScrap Baby
38%
Definitely gives a false sense of security.Freddy Fazbear's Pizzeria SimulatorSecurity Puppet
38%
The rabid rabbit.The Twisted OnesTwisted Bonnie
38%
Too twisted to even exist?The Twisted Ones (mentioned)Twisted Chica
38%
Crazy like a fox.The Twisted OnesTwisted Foxy
38%
A smile that lights up the room.Five Nights at Freddy's 2Withered Chica
38%
He's back, and he's slightly more broken.Five Nights at Freddy's 2Withered Foxy
38%
Making the impossible even more impossible.Ultimate Custom NightX.O.R.
38%
Part of the skeleton crew.Five Nights at Freddy's: Sister LocationYenndo
38%
Circus Baby's babies.Five Nights at Freddy's: Sister LocationBidybab
25%
Should've jumped in the water.Five Nights at Freddy's: Help WantedBurnt Foxy
25%
Too much of him will make you sick.Five Nights at Freddy's AR: Special DeliveryChocolate Bonnie
25%
How much darker can he get?Five Nights at Freddy's: Sister LocationDark Springtrap
25%
From Electric Babyland.Five Nights at Freddy's: Sister LocationElectrobab
25%
He'll scare you to death the American way.Five Nights at Freddy's AR: Special DeliveryFirework Freddy
25%
Man, that's cold.Five Nights at Freddy's AR: Special DeliveryFreddy Frostbear
25%
Ready to bring you a fairy-tale ending.Five Nights at Freddy's: Help WantedGrimm Foxy
25%
PLEASE STAND BY...Five Nights at Freddy's: Sister LocationLolbit
25%
Be his friend? No, don't."Lonely Freddy"Lonely Freddy
25%
Stay away, tiny dancer.Five Nights at Freddy's: Sister Location/"Room for One More"Minireena
25%
Black light, white meat.Five Nights at Freddy's: Help WantedNeon Chica
25%
Will the nightmare ever endo?Five Nights at Freddy's: Help WantedNightmare Endo
25%
A Mangle of the mind.Five Nights at Freddy's 4Nightmare Mangle
25%
Resting in pieces.Five Nights at Freddy's 3Phantom Mangle
25%
All dolled up.Five Nights at Freddy's: Help WantedPlushbabies
25%
Why are you crying, son? Lost your balloon?Five Nights at Freddy's 3Shadow Balloon Boy
25%
Cheer up, it might never happen.Five Nights at Freddy's 3Shadow Puppet
25%
The bad luck of the Irish.Five Nights at Freddy's AR: Special DeliveryShamrock Freddy
25%
Anyone in there?Five Nights at Freddy's 3/The Silver Eyes/"Into the Pit"Spring Bonnie
25%
A little bit bad.Five Nights at Freddy's AR: Special Delivery8-Bit Baby
13%
Dancing on ice.Five Nights at Freddy's AR: Special DeliveryArctic Ballora
13%
Hands down the darkest Freddy.Five Nights at Freddy's: Help WantedBlacklight Freddy
13%
Don't wind her up.Five Nights at Freddy's AR: Special DeliveryClockwork Ballora
13%
They keep ticking over.Five Nights at Freddy's AR: Special DeliveryClockwork Minireena
13%
Really not funny.Five Nights at Freddy's AR: Special DeliveryClown Springtrap
13%
He's a bad egg.Five Nights at Freddy's AR: Special DeliveryEaster Bonnie
13%
Ice ice baby.Five Nights at Freddy's AR: Special DeliveryFrostbite Balloon Boy
13%
A big fish in a small pond.Freddy Fazbear's Pizzeria SimulatorHappy Frog
13%
No, you don't get an extra life.Five Nights at Freddy's AR: Special DeliveryHighscore Toy Chica
13%
Give me your huddled masses so I may jump scare them.Five Nights at Freddy's AR: Special DeliveryLiberty Chica
13%
It's his lucky day. But is it yours?"Sergio's Lucky Day"Lucky Boy
13%
Hey, little guy!Five Nights at Freddy's AR: Special DeliveryMontgomery Gator
13%
Good night, children.Five Nights at Freddy's: Security BreachMoon
13%
Don't get him started.Freddy Fazbear's Pizzeria SimulatorMr. Hippo
13%
You know what's underrated? Silence.Freddy Fazbear's Pizzeria SimulatorMusic Man
13%
Whoa, dude.Five Nights at Freddy's: Help WantedNeon Bonnie
13%
Reeling you in.Ultimate Custom NightOld Man Consequences
13%
The magical Mediocre Melody.Freddy Fazbear's Pizzeria SimulatorOrville Elephant
13%
There's a party in his mouth, and everyone's invited!Five Nights at Freddy's: Help WantedParty Freddy
13%
Banjo pursue-ee.Freddy Fazbear's Pizzeria Simulator/"The Puppet Carver"Pigpatch
13%
Welcome to the nuclear family.Five Nights at Freddy's: Special DeliveryRadioactive Foxy
13%
She's Rox, and she rocks.Five Nights at Freddy's: Security BreachRoxanne Wolf
13%
And how do you pronounce that?Five Nights at Freddy's 2RWQFSFASXC
13%
Not suitable for drinking."Sea Bonnies"Sea Bonnie
13%
He's pretty bright.Five Nights at Freddy's: Security BreachSun
13%
Have you tried switching it off and on again?Five Nights at Freddy's AR: Special DeliverySystem Error Toy Bonnie
13%
There's no escaping the Curse.Five Nights at Freddy's AR: Special DeliveryThe Curse
13%
He's from a toxic environment.Five Nights at Freddy's AR: Special DeliveryToxic Springtrap
13%
You could build a better animatronic yourself.Freddy Fazbear's Pizzeria SimulatorTrash and the Gang
13%
He almost looks real!Five Nights at Freddy's AR: Special DeliveryVR Toy Freddy
13%
Eyes on the prize."Lonely Freddy"Yarg Foxy
13%
Flight or fright?Five Nights at Freddy's AR: Special DeliveryAeronaut Toy Freddy
0%
Who's afraid of the Big Bad Foxy?Five Nights at Freddy's: Special DeliveryBig Bad Foxy
0%
Doesn't miss a beat.Five Nights at Freddy's AR: Special DeliveryBlack Heart Bonnie
0%
He's a slippery character.Five Nights at Freddy's AR: Special DeliveryBlack Ice Frostbear
0%
Bringing a little color into your life.Five Nights at Freddy's: Help Wanted (In game files)Blacklight Foxy
0%
He's literally a rock star.Five Nights at Freddy's AR: Special DeliveryBoulder Toy Bonnie
0%
Getting all up in your grill.Five Nights at Freddy's AR: Special DeliveryBroiler Baby
0%
Why you should always know where the fire exit is.Five Nights at Freddy's: Security BreachBurntrap
0%
Happy Deadday!Five Nights at Freddy's AR: Special DeliveryCatrina Toy Chica
0%
Taken from us too soon.Five Nights at Freddy's 2/The Silver Eyes/"Stitchwraith Stingers"Charlotte Emily
0%
He has a black heart, and everything for that matter.Five Nights at Freddy's: Help WantedDark Foxy
0%
There's something fishy about this one.Five Nights at Freddy's AR: Special DeliveryDark Water Endo
0%
Is this some kind of yolk?Freddy Fazbear's Pizzeria SimulatorEgg Baby
0%
Is it chili in here?Freddy Fazbear's Pizzeria SimulatorEl Chip
0%
A friendly face."To Be Beautiful"Eleanor
0%
Bringing new meaning to the phrase "spoiled child."Five Nights at Freddy's: Sister Location/The Fourth ClosetElizabeth Afton
0%
Careful where you point that thing.Five Nights at Freddy's AR: Special DeliveryFlamethrower Endo
0%
Does this plush turn to slush?Five Nights at Freddy's AR: Special DeliveryFrost Plushtrap
0%
You'll need more than debugging to get rid of him.Five Nights at Freddy's: Help Wanted/"In the Flesh"Glichtrap
0%
He's up past his bedtime.Five Nights at Freddy's: Security BreachGregory
0%
Not always that handy.Five Nights at Freddy's: Sister LocationHandunit
0%
She'll give you a heart attack.Five Nights at Freddy's AR: Special DeliveryHeartsick Baby
0%
The voice of reason.Freddy Fazbear's Pizzeria Simulator/The Silver EyesHenry
0%
Get a head. Or three.Five Nights at Freddy's: Sister LocationHuman Heads
0%
He will rocket you.Five Nights at Freddy's AR: Special DeliveryJetpack Balloon Boy
0%
Just a boy who loves lollies.Five Nights at Freddy's: Sister LocationLittle Joe
0%
A little bit of magic.Five Nights at Freddy's: Sister LocationMagician
0%
Can't you magic yourself back into shape?Five Nights at Freddy's AR: Special DeliveryMagician Mangle
0%
Striking some of the right notes.Freddy Fazbear's Pizzeria SimulatorMediocre Melodies
0%
Every day's a birthday party with this guy.Five Nights at Freddy'sMr. Cupcake
0%
Small but deadly.Five Nights at Freddy's AR: Special DeliveryPiranha Plushtrap
0%
Roll up, roll up. It's easier to stuff you into a suit that way.Five Nights at Freddy's: Special DeliveryRingmaster Foxy
0%
Chica, but on fire.Five Nights at Freddy's AR: Special DeliveryScorching Chica
0%
A slippery character.Five Nights at Freddy's AR: Special DeliverySerpent Mangle
0%
He's got hidden depths. Unfortunately.Five Nights at Freddy's AR: Special DeliverySunken Toy Bonnie
0%
There's mud in your eye.Five Nights at Freddy's AR: Special DeliverySwamp Balloon Boy
0%
Has a real sense of togetherness.Five Nights at Freddy's: Security BreachThe Blob
0%
A life of sorrow and tragedy.Five Nights at Freddy's 4The Crying Child
0%
It's just two kids inside a big coat."Stitchwraith Stingers"The Stitchwraith
0%
Who's afraid of the big bad wolf? We are.The Twisted OnesTwisted Wolf
0%
Giving you a false sense of security.Five Nights at Freddy's: Help WantedVanessa/Vanny
0%
Don't waste all your money on them.Freddy Fazbear's Pizzeria SimulatorVendor Bots
0%
Basically, it's all his fault.Five Nights at Freddy's/The Silver Eyes/"The Man in Room 1280"William Afton
0%
What wood Freddy do?Five Nights at Freddy's AR: Special DeliveryWoodland Toy Freddy
0%

Score Distribution

Percentile by Number Answered

Percent of People with Each Score

Your Score History

You have not taken this quiz